[Event "Guernsey Open 48th"]
[Site "Guernsey"]
[Date "2024.10.17"]
[Round "5"]
[White "Collier, David O"]
[Black "Dijksterhuis, Rolf"]
[Result "1/2-1/2"]
[WhiteElo "1988"]
[BlackElo "1937"]
[PlyCount "44"]
[EventDate "2024.10.13"]
[EventType "swiss"]
[EventRounds "7"]
[EventCountry "GCI"]
[SourceTitle "BritBase"]
[Source "John Saunders"]
[SourceDate "2024.12.27"]
[SourceVersion "1"]
[SourceVersionDate "2024.12.27"]
[SourceQuality "1"]

1. Nf3 d5 2. c4 c6 3. d4 Nf6 4. Qc2 g6 5. Nc3 Bg7 6. e3 O-O 7. Bd2 b6 8. Bd3 Bb7 9. cxd5 Nxd5 10. Nxd5 cxd5 11. Rc1 Qd7 12. O-O Na6 13. Qb3 Nc7 14. Rc2 Rfc8 15. Rfc1 Ne6 16. Bb5 Qd8 17. Bc6 Rxc6 18. Rxc6 Bxc6 19. Rxc6 Qd7 20. Rc1 Rd8 21. h3 Nf8 22. Qc2 f6 1/2-1/2

[Event "Guernsey Open 48th"]
[Site "Guernsey"]
[Date "2024.10.17"]
[Round "5"]
[White "Agustsson, Hafsteinn"]
[Black "Krueger, Norbert"]
[Result "1/2-1/2"]
[WhiteElo "1763"]
[BlackElo "2032"]
[PlyCount "68"]
[EventDate "2024.10.13"]
[EventType "swiss"]
[EventRounds "7"]
[EventCountry "GCI"]
[SourceTitle "BritBase"]
[Source "John Saunders"]
[SourceDate "2024.12.27"]
[SourceVersion "1"]
[SourceVersionDate "2024.12.27"]
[SourceQuality "1"]

1. e4 c5 2. Nf3 Nf6 3. d3 Nc6 4. c3 e5 5. g3 d5 6. Nbd2 Be7 7. Bg2 O-O 8. O-O d4 9. Nc4 Qc7 10. Nh4 b5 11. Na3 Rb8 12. f4 Bg4 13. Bf3 Bd7 14. Nc2 Rbd8 15. Bg2 Bc8 16. Nf3 dxc3 17. bxc3 Nxe4 18. Qe1 Nf6 19. fxe5 Nd5 20. Bb2 Be6 21. d4 Nb6 22. Bc1 Nc4 23. Ng5 cxd4 24. Qe4 Bxg5 25. Bxg5 Rc8 26. Qxc6 Qxc6 27. Bxc6 Rxc6 28. Nxd4 Rb6 29. Be7 Rc8 30. a4 Nxe5 31. axb5 Rb7 32. Bb4 Bc4 33. Rf5 f6 34. Ra5 Rd7 1/2-1/2

[Event "Guernsey Open 48th"]
[Site "Guernsey"]
[Date "2024.10.17"]
[Round "5"]
[White "Heppell, Ian N"]
[Black "Canonne, Antoine"]
[Result "1-0"]
[WhiteElo "1930"]
[BlackElo "1910"]
[PlyCount "77"]
[EventDate "2024.10.13"]
[EventType "swiss"]
[EventRounds "7"]
[EventCountry "GCI"]
[SourceTitle "BritBase"]
[Source "John Saunders"]
[SourceDate "2024.12.27"]
[SourceVersion "1"]
[SourceVersionDate "2024.12.27"]
[SourceQuality "1"]

1. e4 c6 2. Nc3 d5 3. Nf3 dxe4 4. Nxe4 Nf6 5. Qe2 Nxe4 6. Qxe4 Nd7 7. Bc4 Nf6 8. Qe2 e6 9. d4 Bd6 10. O-O h6 11. Ne5 O-O 12. f4 Qc7 13. c3 Bd7 14. Bd2 c5 15. Rac1 Rad8 16. Kh1 Rfe8 17. Be3 Nd5 18. Bg1 b6 19. dxc5 Bxc5 20. Bxc5 bxc5 21. Nxd7 Rxd7 22. Bb5 Red8 23. Bxd7 Rxd7 24. Rcd1 Re7 25. Qf2 Nf6 26. Rfe1 g6 27. Qf3 Kh7 28. c4 e5 29. fxe5 Rxe5 30. Rf1 Rf5 31. Qe3 Rxf1+ 32. Rxf1 Qd6 33. a3 g5 34. b4 Kg6 35. bxc5 Qc6 36. Qf3 Qe6 37. c6 Ne4 38. c7 f5 39. Qxf5+ 1-0

[Event "Guernsey Open 48th"]
[Site "Guernsey"]
[Date "2024.10.17"]
[Round "5"]
[White "Waddington, Mike P"]
[Black "Rowe, Peter"]
[Result "1-0"]
[WhiteElo "1988"]
[BlackElo "1887"]
[PlyCount "97"]
[EventDate "2024.10.13"]
[EventType "swiss"]
[EventRounds "7"]
[EventCountry "GCI"]
[SourceTitle "BritBase"]
[Source "John Saunders"]
[SourceDate "2024.12.27"]
[SourceVersion "1"]
[SourceVersionDate "2024.12.27"]
[SourceQuality "1"]

1. Nc3 d6 2. e4 Nf6 3. d4 e5 4. Nge2 Nbd7 5. g3 Be7 6. Bg2 O-O 7. a4 a5 8. O-O Nb6 9. h3 Nfd7 10. f4 exd4 11. Nxd4 Nc5 12. g4 Bd7 13. b3 Qc8 14. Kh2 Ne6 15. Nf5 Bf6 16. g5 Bd8 17. Bb2 f6 18. h4 Re8 19. Qd2 Nc5 20. Rac1 Rf8 21. Ng3 Be7 22. Nce2 Bg4 23. Nd4 Qd7 24. Ndf5 Rae8 25. Qxa5 Bd8 26. Qd2 d5 27. Nd4 dxe4 28. a5 Nc8 29. b4 Na4 30. Ba1 f5 31. c3 c5 32. Qa2+ Kh8 33. Nb3 b5 34. Nxc5 Nxc5 35. bxc5 Qa7 36. c4 bxc4 37. Qxc4 Qxa5 38. Rb1 Qc7 39. h5 Qf7 40. Qxf7 Rxf7 41. h6 Kg8 42. hxg7 Na7 43. Bh3 Bxh3 44. Kxh3 e3 45. Rb8 Nc6 46. Ra8 Ra7 47. Rxa7 Nxa7 48. Nxf5 h6 49. g6 1-0

[Event "Guernsey Open 48th"]
[Site "Guernsey"]
[Date "2024.10.17"]
[Round "5"]
[White "Andrechak, Sean"]
[Black "Hamperl, Fred A"]
[Result "0-1"]
[WhiteElo "1982"]
[BlackElo "1970"]
[PlyCount "64"]
[EventDate "2024.10.13"]
[EventType "swiss"]
[EventRounds "7"]
[EventCountry "GCI"]
[SourceTitle "BritBase"]
[Source "John Saunders"]
[SourceDate "2024.12.27"]
[SourceVersion "1"]
[SourceVersionDate "2024.12.27"]
[SourceQuality "1"]

1. e4 c5 2. d4 cxd4 3. c3 dxc3 4. Nxc3 Nc6 5. Nf3 e6 6. Bc4 a6 7. O-O b5 8. Bb3 Bb7 9. Re1 Bb4 10. Bd2 Nge7 11. a4 bxa4 12. Nxa4 O-O 13. Bxb4 Nxb4 14. Qd6 Nec6 15. Red1 Qb8 16. Qc5 Qf4 17. Rxd7 Rab8 18. Re1 Rfd8 19. Rxd8+ Rxd8 20. Qb6 Ba8 21. Nc3 Nd3 22. Rd1 Rb8 23. Qxa6 Ncb4 24. Qc4 Nxb2 25. Ne2 Qf6 26. Qc7 Na6 27. Qc2 Nxd1 28. Qxd1 Bxe4 29. Ng3 Bxf3 30. gxf3 Nc5 31. Bc2 g6 32. Qd6 Rc8 0-1

[Event "Guernsey Open 48th"]
[Site "Guernsey"]
[Date "2024.10.17"]
[Round "5"]
[White "Matthews, Gabriel"]
[Black "Morgan, Jamie"]
[Result "0-1"]
[WhiteElo "1910"]
[BlackElo "1807"]
[PlyCount "100"]
[EventDate "2024.10.13"]
[EventType "swiss"]
[EventRounds "7"]
[EventCountry "GCI"]
[SourceTitle "BritBase"]
[Source "John Saunders"]
[SourceDate "2024.12.27"]
[SourceVersion "1"]
[SourceVersionDate "2024.12.27"]
[SourceQuality "1"]

1. d4 Nf6 2. Nf3 c5 3. d5 b5 4. c3 g6 5. Bg5 Qb6 6. Qd3 b4 7. c4 Bg7 8. Nbd2 O-O 9. e3 d6 10. Qc2 Bf5 11. Bd3 Bxd3 12. Qxd3 Nbd7 13. O-O Rae8 14. h3 h6 15. Bf4 Nh5 16. Qb3 Nxf4 17. exf4 e5 18. fxe5 Nxe5 19. Rfe1 Qd8 20. Nxe5 Rxe5 21. Rxe5 Bxe5 22. a3 a5 23. a4 Qf6 24. Rb1 Re8 25. Qc2 Qe7 26. Kf1 Bf6 27. Nf3 Qe4 28. Qxe4 Rxe4 29. b3 Bc3 30. Rc1 Kg7 31. Rc2 Kf6 32. g4 h5 33. gxh5 gxh5 34. Re2 Kf5 35. Rxe4 Kxe4 36. Ng5+ Kd3 37. Nxf7 Kc2 38. Nxd6 Kxb3 39. Nb7 Kxc4 40. d6 b3 41. d7 b2 42. Nd6+ Kd5 43. d8=Q b1=Q+ 44. Ke2 Qc2+ 45. Ke3 Bd2+ 46. Kf3 Qd3+ 47. Kg2 Qg6+ 48. Kf1 Qd3+ 49. Kg2 Qg6+ 50. Kf1 Qxd6 0-1

[Event "Guernsey Open 48th"]
[Site "Guernsey"]
[Date "2024.10.17"]
[Round "5"]
[White "Downey, Keith"]
[Black "Hoogakker, Peter"]
[Result "1/2-1/2"]
[WhiteElo "1829"]
[BlackElo "1907"]
[PlyCount "101"]
[EventDate "2024.10.13"]
[EventType "swiss"]
[EventRounds "7"]
[EventCountry "GCI"]
[SourceTitle "BritBase"]
[Source "John Saunders"]
[SourceDate "2024.12.27"]
[SourceVersion "1"]
[SourceVersionDate "2024.12.27"]
[SourceQuality "1"]

1. Nf3 Nf6 2. c4 d6 3. d4 Nbd7 4. Nc3 e5 5. e4 Be7 6. Be2 h6 7. O-O c6 8. Rb1 Qc7 9. b4 O-O 10. a4 exd4 11. Nxd4 a5 12. Nf5 Ne5 13. b5 Bxf5 14. exf5 Rfd8 15. Qb3 Qc8 16. f4 Ned7 17. Qc2 d5 18. Be3 Nc5 19. Rbd1 Nce4 20. Nxe4 Nxe4 21. Bb6 Rd6 22. cxd5 cxd5 23. Qxc8+ Rxc8 24. Bxa5 Ra8 25. Bb4 Rd7 26. Bxe7 Rxe7 27. Rd4 Nc3 28. Bd1 Ne2+ 29. Bxe2 Rxe2 30. Ra1 Rc8 31. Rd3 Rcc2 32. Rg3 d4 33. a5 d3 34. Rxd3 Rxg2+ 35. Kf1 Rxh2 36. Rg3 h5 37. a6 bxa6 38. bxa6 Ra2 39. Rxa2 Rxa2 40. a7 Kh7 41. Re3 Rxa7 42. Kf2 Ra6 43. Kg3 g6 44. fxg6+ fxg6 45. Re4 Kg7 46. Rc4 Kf6 47. Rc5 Ra3+ 48. Kg2 Rd3 49. Rb5 Ke6 50. Rg5 Kf6 51. Rb5 1/2-1/2

[Event "Guernsey Open 48th"]
[Site "Guernsey"]
[Date "2024.10.17"]
[Round "5"]
[White "De Kruif, Kees"]
[Black "Rowe, Oliver"]
[Result "1-0"]
[WhiteElo "1868"]
[BlackElo "1721"]
[PlyCount "61"]
[EventDate "2024.10.13"]
[EventType "swiss"]
[EventRounds "7"]
[EventCountry "GCI"]
[SourceTitle "BritBase"]
[Source "John Saunders"]
[SourceDate "2024.12.27"]
[SourceVersion "1"]
[SourceVersionDate "2024.12.27"]
[SourceQuality "1"]

1. b4 e5 2. Bb2 Bxb4 3. Bxe5 Nf6 4. Nf3 Nc6 5. Bb2 d6 6. e3 Bd7 7. Be2 Qe7 8. O-O O-O-O 9. c3 Ba5 10. Na3 Ne4 11. Nc4 Nc5 12. d4 Ne4 13. Nxa5 Nxa5 14. Qd3 f6 15. c4 b6 16. Bc3 Nxc3 17. Qxc3 c5 18. a4 Nc6 19. Rfb1 Nb4 20. a5 Kb7 21. Ne1 Bf5 22. Rb2 Qc7 23. axb6 axb6 24. Bf3+ Kc8 25. Rb3 Kd7 26. Rba3 Ke8 27. Ra7 Qc8 28. Ra8 cxd4 29. Qxb4 Qc7 30. exd4 Bc8 31. R1a7 1-0

[Event "Guernsey Open 48th"]
[Site "Guernsey"]
[Date "2024.10.17"]
[Round "5"]
[White "Krueger, Malte"]
[Black "Marceil, Jean"]
[Result "0-1"]
[WhiteElo "1821"]
[BlackElo "1862"]
[PlyCount "76"]
[EventDate "2024.10.13"]
[EventType "swiss"]
[EventRounds "7"]
[EventCountry "GCI"]
[SourceTitle "BritBase"]
[Source "John Saunders"]
[SourceDate "2024.12.27"]
[SourceVersion "1"]
[SourceVersionDate "2024.12.27"]
[SourceQuality "1"]

1. e4 e6 2. Nf3 d5 3. exd5 exd5 4. d4 Bd6 5. Bd3 Ne7 6. O-O Bg4 7. h3 Bh5 8. b3 Nd7 9. c4 c6 10. Be3 Nf6 11. Nbd2 Qd7 12. Qc2 Bg6 13. Rfe1 O-O 14. Bg5 Bxd3 15. Qxd3 dxc4 16. bxc4 Qf5 17. Qxf5 Nxf5 18. g4 Nh6 19. c5 Bc7 20. Bxf6 gxf6 21. Re7 Rfc8 22. Rae1 Kf8 23. Rd7 Ng8 24. g5 b5 25. Ne4 f5 26. Nd6 Bxd6 27. Rxd6 Rc7 28. Ne5 Re8 29. Rd7 Rxe5 30. Rd8+ Ke7 31. Rxe5+ Kxd8 32. Rxf5 Ke8 33. h4 Re7 34. Re5 Rxe5 35. dxe5 Ke7 36. f4 Ke6 37. Kf2 Kf5 38. Kf3 Ne7 0-1

[Event "Guernsey Open 48th"]
[Site "Guernsey"]
[Date "2024.10.18"]
[Round "6"]
[White "Johnsen, Gunnar"]
[Black "Smith, Olivia"]
[Result "1/2-1/2"]
[WhiteElo "2071"]
[BlackElo "2106"]
[PlyCount "66"]
[EventDate "2024.10.13"]
[EventType "swiss"]
[EventRounds "7"]
[EventCountry "GCI"]
[SourceTitle "BritBase"]
[Source "John Saunders"]
[SourceDate "2024.12.27"]
[SourceVersion "1"]
[SourceVersionDate "2024.12.27"]
[SourceQuality "1"]

1. d4 Nf6 2. Nf3 g6 3. Bg5 Bg7 4. Nbd2 h6 5. Bh4 d5 6. e3 c5 7. c3 Nc6 8. Bd3 g5 9. Bg3 Nh5 10. Ne5 Nxg3 11. Nxc6 Qb6 12. hxg3 bxc6 13. Rb1 cxd4 14. cxd4 Ba6 15. Qe2 Bxd3 16. Qxd3 Qb5 17. Qxb5 cxb5 18. Ke2 Rc8 19. Rhc1 Kd7 20. Nb3 e5 21. Nc5+ Kd6 22. dxe5+ Bxe5 23. Nd3 Bg7 24. g4 Rc4 25. f3 Rhc8 26. Kd2 a5 27. b3 Rc3 28. Rxc3 Bxc3+ 29. Ke2 b4 30. Rh1 Bg7 31. Rc1 Bc3 32. Rh1 Bg7 33. Rc1 Bc3 1/2-1/2

[Event "Guernsey Open 48th"]
[Site "Guernsey"]
[Date "2024.10.18"]
[Round "6"]
[White "Toma, Katarzyna"]
[Black "Arkell, Keith C"]
[Result "1-0"]
[WhiteElo "2165"]
[BlackElo "2373"]
[PlyCount "153"]
[EventDate "2024.10.13"]
[EventType "swiss"]
[EventRounds "7"]
[EventCountry "GCI"]
[SourceTitle "BritBase"]
[Source "John Saunders"]
[SourceDate "2024.12.27"]
[SourceVersion "1"]
[SourceVersionDate "2024.12.27"]
[SourceQuality "1"]

1. e4 c6 2. d4 d5 3. Nc3 dxe4 4. Nxe4 Nd7 5. Bd3 Ngf6 6. Ng5 Nb6 7. N1f3 Bg4 8. h3 Bxf3 9. Nxf3 g6 10. c3 Bg7 11. Bf4 O-O 12. Qd2 Nbd5 13. Be5 b5 14. O-O Qb6 15. Rfe1 Rfd8 16. a4 a6 17. a5 Qa7 18. b4 Ne8 19. Bxg7 Kxg7 20. h4 Nef6 21. Ne5 Qc7 22. Rac1 e6 23. c4 bxc4 24. Rxc4 Ne7 25. Rec1 Qd6 26. Qf4 h5 27. Be4 Ra7 28. Qf3 Rc7 29. g3 Rb8 30. Bxc6 Rxb4 31. Qc3 Rxc4 32. Qxc4 Ng4 33. Qxa6 Nxe5 34. dxe5 Qxe5 35. Qb6 Nc8 36. f4 Nxb6 37. fxe5 Nd7 38. Rc2 Nxe5 39. Be4 Ra7 40. Ra2 Nd7 41. Bd3 Nc5 42. Bf1 Kf6 43. a6 Ke5 44. Kf2 Kd4 45. Kf3 f6 46. Rd2+ Ke5 47. Ra2 Kd5 48. Ke3 e5 49. Bg2+ Kd6 50. Bf1 Ne6 51. Rb2 Kc6 52. Rb8 Nc7 53. Rf8 Nd5+ 54. Kf2 f5 55. Re8 e4 56. Re6+ Kc5 57. Rxg6 Rc7 58. Be2 Kd4 59. Rg8 Nf6 60. Rd8+ Ke5 61. Rb8 Ng4+ 62. Bxg4 fxg4 63. Rb2 Rf7+ 64. Ke2 Ra7 65. Ra2 Kd4 66. Ra4+ Kc5 67. Ke3 Kb5 68. Ra1 Kb6 69. Kxe4 Re7+ 70. Kf4 Ka7 71. Ra5 Rf7+ 72. Rf5 Rh7 73. Rf6 Rc7 74. Kg5 Rc5+ 75. Kh6 Rc3 76. Kxh5 Rxg3 77. Rg6 1-0

[Event "Guernsey Open 48th"]
[Site "Guernsey"]
[Date "2024.10.18"]
[Round "6"]
[White "Wager, John D"]
[Black "Kirby, Peter J"]
[Result "0-1"]
[WhiteElo "1980"]
[BlackElo "1998"]
[PlyCount "62"]
[EventDate "2024.10.13"]
[EventType "swiss"]
[EventRounds "7"]
[EventCountry "GCI"]
[SourceTitle "BritBase"]
[Source "John Saunders"]
[SourceDate "2024.12.27"]
[SourceVersion "1"]
[SourceVersionDate "2024.12.27"]
[SourceQuality "1"]

1. Nf3 Nf6 2. d4 g6 3. c4 Bg7 4. Nc3 O-O 5. Bg5 h6 6. Bh4 c5 7. d5 d6 8. e4 g5 9. Bg3 Nh5 10. Bd3 e6 11. Nd2 Nxg3 12. hxg3 exd5 13. cxd5 a6 14. O-O Nd7 15. a4 Ne5 16. Bc2 Bd7 17. Qe2 Bg4 18. f3 Bh5 19. g4 Bg6 20. g3 h5 21. gxh5 Bxh5 22. g4 Bg6 23. Nc4 Nxc4 24. Qxc4 Bd4+ 25. Kg2 Kg7 26. Rh1 Qe7 27. Rad1 Be5 28. b3 Rh8 29. Rxh8 Rxh8 30. Rh1 Rxh1 31. Kxh1 Qf6 0-1

[Event "Guernsey Open 48th"]
[Site "Guernsey"]
[Date "2024.10.18"]
[Round "6"]
[White "Strade, Arita"]
[Black "Heppell, Ian N"]
[Result "1-0"]
[WhiteElo "1949"]
[BlackElo "1930"]
[PlyCount "35"]
[EventDate "2024.10.13"]
[EventType "swiss"]
[EventRounds "7"]
[EventCountry "GCI"]
[SourceTitle "BritBase"]
[Source "John Saunders"]
[SourceDate "2024.12.27"]
[SourceVersion "1"]
[SourceVersionDate "2024.12.27"]
[SourceQuality "1"]

1. e4 e5 2. Nf3 d6 3. d4 exd4 4. Nxd4 Nf6 5. Nc3 Be7 6. Be2 O-O 7. Bf4 Re8 8. g4 Bf8 9. f3 Nc6 10. h4 d5 11. Ndb5 Bd6 12. Bxd6 cxd6 13. Nxd5 Nxd5 14. Qxd5 Be6 15. Qxd6 Qb6 16. Qa3 Rad8 17. c4 a6 18. c5 1-0

[Event "Guernsey Open 48th"]
[Site "Guernsey"]
[Date "2024.10.18"]
[Round "6"]
[White "Dijksterhuis, Rolf"]
[Black "Giulian, Philip M"]
[Result "0-1"]
[WhiteElo "1937"]
[BlackElo "2059"]
[PlyCount "50"]
[EventDate "2024.10.13"]
[EventType "swiss"]
[EventRounds "7"]
[EventCountry "GCI"]
[SourceTitle "BritBase"]
[Source "John Saunders"]
[SourceDate "2024.12.27"]
[SourceVersion "1"]
[SourceVersionDate "2024.12.27"]
[SourceQuality "1"]

1. d4 e6 2. e4 d5 3. Nc3 Bb4 4. Nge2 Nc6 5. e5 f6 6. exf6 Qxf6 7. Be3 Nge7 8. a3 Ba5 9. Qd2 O-O 10. f3 Nf5 11. Bg5 Qf7 12. O-O-O Bd7 13. Be3 b5 14. Bf2 b4 15. axb4 Bxb4 16. Qf4 Qe7 17. Qg4 Rab8 18. h4 Na5 19. Ng3 Bxc3 20. bxc3 Nb3+ 21. cxb3 Qa3+ 22. Kd2 Qb2+ 23. Ke1 Qxc3+ 24. Rd2 Rxb3 25. Bd3 Rb2 0-1

[Event "Guernsey Open 48th"]
[Site "Guernsey"]
[Date "2024.10.18"]
[Round "6"]
[White "Krueger, Norbert"]
[Black "Dilleigh, Stephen P"]
[Result "1/2-1/2"]
[WhiteElo "2032"]
[BlackElo "2029"]
[PlyCount "33"]
[EventDate "2024.10.13"]
[EventType "swiss"]
[EventRounds "7"]
[EventCountry "GCI"]
[SourceTitle "BritBase"]
[Source "John Saunders"]
[SourceDate "2024.12.27"]
[SourceVersion "1"]
[SourceVersionDate "2024.12.27"]
[SourceQuality "1"]

1. e4 e6 2. d4 d5 3. Nd2 c5 4. exd5 exd5 5. Bb5+ Bd7 6. Bxd7+ Nxd7 7. Qe2+ Be7 8. Ngf3 Ngf6 9. O-O O-O 10. dxc5 Nxc5 11. Nd4 Qd7 12. N2b3 Nce4 13. Qf3 Rfe8 14. Qf5 Qxf5 15. Nxf5 Bf8 16. Bf4 g6 17. Ne3 1/2-1/2

[Event "Guernsey Open 48th"]
[Site "Guernsey"]
[Date "2024.10.18"]
[Round "6"]
[White "Morgan, Jamie"]
[Black "Thurlow, Kevin J"]
[Result "0-1"]
[WhiteElo "1807"]
[BlackElo "2002"]
[PlyCount "102"]
[EventDate "2024.10.13"]
[EventType "swiss"]
[EventRounds "7"]
[EventCountry "GCI"]
[SourceTitle "BritBase"]
[Source "John Saunders"]
[SourceDate "2024.12.27"]
[SourceVersion "1"]
[SourceVersionDate "2024.12.27"]
[SourceQuality "1"]

1. e4 c5 2. Nc3 e6 3. Nge2 Nc6 4. g3 a6 5. Bg2 g6 6. d4 cxd4 7. Nxd4 Bg7 8. Be3 Nge7 9. Qd2 b5 10. Nxc6 Nxc6 11. Bc5 Bb7 12. Rd1 Rc8 13. O-O Ne5 14. Bd4 Nc4 15. Qc1 O-O 16. Bxg7 Kxg7 17. b3 Ne5 18. Qb2 f6 19. Rd2 Qc7 20. Nd1 Rf7 21. Ne3 h5 22. h4 b4 23. Qd4 Qc5 24. Rfd1 Qb5 25. f4 Nc6 26. Qd6 Qb6 27. Re1 a5 28. Kh2 Ba6 29. Nc4 Bxc4 30. bxc4 Qa7 31. Qd3 Qc5 32. Bf1 e5 33. Qd5 Nd4 34. Be2 Qxd5 35. cxd5 Rxc2 36. Rxc2 Nxc2 37. Rc1 Nd4 38. Bd1 d6 39. Rc8 Nb5 40. Ra8 Ra7 41. Rxa7+ Nxa7 42. Ba4 Nc8 43. Kg2 Nb6 44. Bb5 a4 45. Bd3 b3 46. axb3 axb3 47. Kf2 b2 48. Ke2 Nc4 49. Kd1 Na3 50. Kd2 b1=Q 51. Bxb1 Nxb1+ 0-1

[Event "Guernsey Open 48th"]
[Site "Guernsey"]
[Date "2024.10.18"]
[Round "6"]
[White "Agustsson, Hafsteinn"]
[Black "Waddington, Mike P"]
[Result "0-1"]
[WhiteElo "1763"]
[BlackElo "1988"]
[PlyCount "122"]
[EventDate "2024.10.13"]
[EventType "swiss"]
[EventRounds "7"]
[EventCountry "GCI"]
[SourceTitle "BritBase"]
[Source "John Saunders"]
[SourceDate "2024.12.27"]
[SourceVersion "1"]
[SourceVersionDate "2024.12.27"]
[SourceQuality "1"]

1. e4 e5 2. Nf3 Nc6 3. Bb5 f5 4. d3 fxe4 5. dxe4 Nf6 6. O-O Bc5 7. Qd3 d6 8. Qc4 Qe7 9. Nc3 Bd7 10. Nd5 Nxd5 11. Qxd5 h6 12. c3 a6 13. Ba4 g5 14. h3 O-O-O 15. b4 Bb6 16. Bb3 Qg7 17. Qf7 Qxf7 18. Bxf7 Rdf8 19. Bh5 Nd8 20. Be3 Bxe3 21. fxe3 Ne6 22. Bg4 Kd8 23. Nd2 Ke7 24. Rxf8 Rxf8 25. Rf1 Ra8 26. Nb3 b6 27. Bh5 Nd8 28. Be2 a5 29. b5 a4 30. Nd2 Ra5 31. Rb1 Nb7 32. Rb4 Nc5 33. Kf2 Be6 34. c4 Bf7 35. Rb1 Bg6 36. Bf3 Ra8 37. g4 Rh8 38. Ke2 h5 39. Rh1 Kf6 40. Bg2 Kg7 41. Bf3 h4 42. Rb1 Rc8 43. Rb4 Kf6 44. Bg2 Ke7 45. Bf3 Kd7 46. Bg2 Rf8 47. Rb1 Kc8 48. Bf3 Kb7 49. Bg2 c6 50. Bf3 Bf7 51. Rb2 Ra8 52. a3 Ra5 53. Kd1 Nd3 54. Rb1 Nc5 55. Kc2 Be8 56. Be2 Bg6 57. Bf3 Ra8 58. Kc3 Rf8 59. Rb4 Nb3 60. Bh1 Nxd2 61. Kxd2 Rf1 0-1

[Event "Guernsey Open 48th"]
[Site "Guernsey"]
[Date "2024.10.18"]
[Round "6"]
[White "Hamperl, Fred A"]
[Black "De Kruif, Kees"]
[Result "1-0"]
[WhiteElo "1970"]
[BlackElo "1868"]
[PlyCount "59"]
[EventDate "2024.10.13"]
[EventType "swiss"]
[EventRounds "7"]
[EventCountry "GCI"]
[SourceTitle "BritBase"]
[Source "John Saunders"]
[SourceDate "2024.12.27"]
[SourceVersion "1"]
[SourceVersionDate "2024.12.27"]
[SourceQuality "1"]

1. e4 c5 2. Nf3 d6 3. Bb5+ Bd7 4. Bxd7+ Qxd7 5. O-O Nc6 6. c3 Nf6 7. Qe2 Qg4 8. d3 Ne5 9. Nbd2 O-O-O 10. h3 Qh5 11. d4 Nxf3+ 12. Nxf3 e6 13. Bf4 Be7 14. b4 g5 15. Bg3 g4 16. hxg4 Qxg4 17. bxc5 Qxe4 18. Qb5 Rhg8 19. Rfe1 Qc6 20. Qxc6+ bxc6 21. cxd6 Bxd6 22. Bh4 Rg6 23. Ne5 Rh6 24. Bg5 Bxe5 25. dxe5 Ng4 26. Bxd8 Kxd8 27. f3 Nh2 28. Rab1 Ke7 29. Rb4 Rh5 30. Ra4 1-0

[Event "Guernsey Open 48th"]
[Site "Guernsey"]
[Date "2024.10.18"]
[Round "6"]
[White "Canonne, Antoine"]
[Black "Giulian, Rosemary A"]
[Result "1/2-1/2"]
[WhiteElo "1910"]
[BlackElo "1894"]
[PlyCount "55"]
[EventDate "2024.10.13"]
[EventType "swiss"]
[EventRounds "7"]
[EventCountry "GCI"]
[SourceTitle "BritBase"]
[Source "John Saunders"]
[SourceDate "2024.12.27"]
[SourceVersion "1"]
[SourceVersionDate "2024.12.27"]
[SourceQuality "1"]

1. e4 e6 2. d4 d5 3. exd5 exd5 4. Bd3 Bd6 5. Be3 Nf6 6. h3 c6 7. Nd2 O-O 8. Qf3 Nbd7 9. Ne2 Re8 10. O-O c5 11. c3 b6 12. Ng3 Nf8 13. Nh5 Nxh5 14. Qxh5 Be6 15. Rae1 f6 16. f4 Bf7 17. Qg4 Re7 18. f5 h5 19. Qd1 c4 20. Bc2 Qc7 21. Bf2 Rae8 22. Rxe7 Rxe7 23. Re1 b5 24. Rxe7 Qxe7 25. Qe1 a5 26. Qxe7 Bxe7 27. Nf1 g5 28. a3 1/2-1/2

[Event "Guernsey Open 48th"]
[Site "Guernsey"]
[Date "2024.10.18"]
[Round "6"]
[White "Hoogakker, Peter"]
[Black "Marceil, Jean"]
[Result "0-1"]
[WhiteElo "1907"]
[BlackElo "1862"]
[PlyCount "64"]
[EventDate "2024.10.13"]
[EventType "swiss"]
[EventRounds "7"]
[EventCountry "GCI"]
[SourceTitle "BritBase"]
[Source "John Saunders"]
[SourceDate "2024.12.27"]
[SourceVersion "1"]
[SourceVersionDate "2024.12.27"]
[SourceQuality "1"]

1. e4 e6 2. d4 d5 3. exd5 exd5 4. Bd3 Nc6 5. Nf3 Bg4 6. c3 Bd6 7. O-O Nge7 8. Re1 Qd7 9. Be3 f6 10. Nbd2 Bf5 11. Nf1 g5 12. Ng3 Bg6 13. b4 Bxd3 14. Qxd3 O-O-O 15. a3 h5 16. c4 h4 17. Nf1 dxc4 18. Qxc4 g4 19. N3d2 Rdg8 20. Ne4 Nd5 21. Nxd6+ Qxd6 22. Rac1 f5 23. Qc5 Kd7 24. Rc2 f4 25. Bc1 b6 26. Qc4 Re8 27. Rce2 Rxe2 28. Rxe2 b5 29. Qxb5 f3 30. Re5 Nc3 31. Qc5 Ne2+ 32. Rxe2 fxe2 0-1

[Event "Guernsey Open 48th"]
[Site "Guernsey"]
[Date "2024.10.18"]
[Round "6"]
[White "Rowe, Peter"]
[Black "Downey, Keith"]
[Result "1-0"]
[WhiteElo "1887"]
[BlackElo "1829"]
[PlyCount "67"]
[EventDate "2024.10.13"]
[EventType "swiss"]
[EventRounds "7"]
[EventCountry "GCI"]
[SourceTitle "BritBase"]
[Source "John Saunders"]
[SourceDate "2024.12.27"]
[SourceVersion "1"]
[SourceVersionDate "2024.12.27"]
[SourceQuality "1"]

1. d4 Nf6 2. Nf3 e6 3. Bf4 d5 4. e3 Be7 5. Bd3 O-O 6. h3 c5 7. c3 Nc6 8. O-O b6 9. Nbd2 Bb7 10. Re1 Rc8 11. Qb1 h6 12. Ne5 Bd6 13. Ndf3 a5 14. a4 Qe7 15. b3 Na7 16. c4 cxd4 17. exd4 Nc6 18. Nxc6 Bxc6 19. Ne5 Bb7 20. Qc1 Rfd8 21. Bxh6 gxh6 22. Qxh6 Qf8 23. Qh4 Be7 24. Re3 Ne4 25. Qh5 Ng5 26. Rg3 Qg7 27. f4 dxc4 28. bxc4 Rxd4 29. Rf1 Rf8 30. fxg5 Be4 31. Bxe4 Rxe4 32. Ng4 Qg6 33. Nf6+ Bxf6 34. gxf6 1-0

[Event "Guernsey Open 48th"]
[Site "Guernsey"]
[Date "2024.10.18"]
[Round "6"]
[White "Warner, Nicholas"]
[Black "Andrechak, Sean"]
[Result "1/2-1/2"]
[WhiteElo "1796"]
[BlackElo "1982"]
[PlyCount "95"]
[EventDate "2024.10.13"]
[EventType "swiss"]
[EventRounds "7"]
[EventCountry "GCI"]
[SourceTitle "BritBase"]
[Source "John Saunders"]
[SourceDate "2024.12.27"]
[SourceVersion "1"]
[SourceVersionDate "2024.12.27"]
[SourceQuality "1"]

1. f4 e6 2. Nf3 f5 3. b3 Nf6 4. Bb2 b6 5. e3 Bb7 6. Be2 Be7 7. O-O O-O 8. Qe1 h6 9. Ne5 d6 10. Ng6 Rf7 11. Nxe7+ Qxe7 12. Bf3 d5 13. c4 Nbd7 14. Nc3 c6 15. cxd5 exd5 16. Nd1 Ba6 17. Be2 Bxe2 18. Qxe2 Re8 19. Rc1 Qd6 20. Bxf6 Qxf6 21. Qd3 Nc5 22. Qc3 Qxc3 23. Rxc3 Rf6 24. Nf2 Ne4 25. Nxe4 dxe4 26. d4 exd3 27. Rxd3 Rfe6 28. Kf2 Kf7 29. Re1 Re4 30. Red1 c5 31. Rc1 Ke7 32. Kf3 g5 33. g3 g4+ 34. Kf2 Rc8 35. Rcd1 Rc7 36. Rd5 Kf6 37. Rd6+ Re6 38. Rd7 Rxd7 39. Rxd7 a6 40. Ke2 Rc6 41. a4 c4 42. bxc4 Rxc4 43. Rd6+ Kg7 44. Rxb6 Rxa4 45. Rb2 Ra3 46. Rb7+ Kg6 47. Rb6+ Kg7 48. Rb7+ 1/2-1/2